[Event "Korumdu Issykkul op-A"]
[Site "Korumdu"]
[Date "2024.06.22"]
[Round "1"]
[White "Vakhidov, Shahzod"]
[Black "Velavaa, Ragavesh"]
[Result "1/2-1/2"]
[WhiteElo "2356"]
[BlackElo "1987"]
[PlyCount "73"]
[EventDate "2024.06.22"]
[EventType "swiss"]
[EventRounds "10"]
[EventCountry "KGZ"]
[SourceTitle "CBM 220 Extra"]
[Source "ChessBase"]
[SourceDate "2024.07.31"]
[SourceVersion "1"]
[SourceVersionDate "2024.07.31"]
[SourceQuality "1"]

1. c4 f5 2. Nf3 Nf6 3. g3 d6 4. d4 e6 5. Bg2 Be7 6. Nc3 0-0 7. Qc2 a5 8. e4 fxe4 9. Nxe4 Nc6 10. 0-0 e5 11. dxe5 dxe5 12. Rd1 Qe8 13. Nxf6+ Rxf6 14. Ng5 Bf5 15. Bd5+ Kh8 16. Be4 Qg6 17. Be3 Raf8 18. Rd2 h6 19. Bxf5 Rxf5 20. Ne4 Qg4 21. Nc3 Bb4 22. Rd5 Bxc3 23. Qxc3 Rh5 24. Qd2 Rff5 25. f4 Rf7 26. Rf1 Rhf5 27. Kg2 h5 28. h3 Qg6 29. b3 R5f6 30. Qd3 Rf5 31. Qd2 Kh7 32. a3 b6 33. Rf2 Kh8 34. Kh2 Kh7 35. Kg2 R5f6 36. Qc2 Rf5 37. Qd2 1/2-1/2

[Event "Titled Tuesday intern op 30th Jan Early"]
[Site "Chess.com INT"]
[Date "2024.01.30"]
[Round "11"]
[White "Kulon, Klaudia"]
[Black "Vakhidov, Shahzod"]
[Result "0-1"]
[WhiteElo "2323"]
[BlackElo "2312"]
[PlyCount "46"]
[EventDate "2024.01.30"]
[EventType "swiss (blitz)"]
[EventRounds "11"]
[EventCountry "USA"]
[SourceTitle "EXT 2025"]
[Source "ChessBase"]
[SourceDate "2024.10.14"]
[SourceVersion "1"]
[SourceVersionDate "2024.10.14"]
[SourceQuality "1"]

1. c4 Nf6 2. g3 d5 3. cxd5 Nxd5 4. Bg2 e5 5. Nc3 Nb6 6. e3 Nc6 7. Nge2 Qd3 8. 0-0 Bf5 9. f4 0-0-0 10. fxe5 Nxe5 11. Nd4 Bg6 12. Rf2 Rxd4 13. Bf1 Qxe3 14. dxe3 Rxd1 15. Nxd1 Bc5 16. Rc2 Bxc2 17. Nf2 Rd8 18. b3 f6 19. a3 Nd5 20. b4 Bxe3 21. Bxe3 Nxe3 22. Bh3+ Kb8 23. Re1 Nf3+ 0-1

[Event "Titled Tuesday intern op 30th Jan Early"]
[Site "Chess.com INT"]
[Date "2024.01.30"]
[Round "2"]
[White "Vakhidov, Shahzod"]
[Black "Georg, Heinz"]
[Result "1-0"]
[WhiteElo "2312"]
[BlackElo "2105"]
[PlyCount "67"]
[EventDate "2024.01.30"]
[EventType "swiss (blitz)"]
[EventRounds "11"]
[EventCountry "USA"]
[SourceTitle "EXT 2025"]
[Source "ChessBase"]
[SourceDate "2024.10.14"]
[SourceVersion "1"]
[SourceVersionDate "2024.10.14"]
[SourceQuality "1"]

1. d4 f5 2. Bg5 h6 3. Bh4 g5 4. e3 Nf6 5. Bg3 Bg7 6. Nc3 d6 7. h4 g4 8. Bc4 Nh5 9. Nge2 e6 10. Nf4 Nxf4 11. exf4 d5 12. Bb5+ c6 13. Ba4 Qb6 14. Bb3 Qxd4 15. Qe2 0-0 16. 0-0 h5 17. Rad1 Qf6 18. f3 Na6 19. Bf2 c5 20. Rfe1 c4 21. Ba4 Qf7 22. Bb5 Nc7 23. Bxc4 dxc4 24. Qxc4 Nd5 25. Nb5 Qd7 26. fxg4 hxg4 27. g3 a6 28. Nd4 b5 29. Qe2 Bxd4 30. Bxd4 Rf7 31. Qe5 Rh7 32. b3 a5 33. c4 bxc4 34. bxc4 1-0

[Event "Titled Tuesday intern op 30th Jan Early"]
[Site "Chess.com INT"]
[Date "2024.01.30"]
[Round "7"]
[White "Zhigalko, Sergei"]
[Black "Vakhidov, Shahzod"]
[Result "0-1"]
[WhiteElo "2572"]
[BlackElo "2312"]
[PlyCount "84"]
[EventDate "2024.01.30"]
[EventType "swiss (blitz)"]
[EventRounds "11"]
[EventCountry "USA"]
[SourceTitle "EXT 2025"]
[Source "ChessBase"]
[SourceDate "2024.10.14"]
[SourceVersion "1"]
[SourceVersionDate "2024.10.14"]
[SourceQuality "1"]

1. e4 c5 2. Nf3 g6 3. c3 d5 4. exd5 Qxd5 5. d4 Bg7 6. Na3 cxd4 7. Bc4 Qe4+ 8. Be3 Nh6 9. Nb5 0-0 10. cxd4 Nc6 11. 0-0 Bg4 12. Be2 Nf5 13. Qd2 Nxe3 14. fxe3 Bh6 15. Kf2 Qf5 16. Bd3 Qh5 17. Kg1 a6 18. Nc3 Bxf3 19. Rxf3 Nxd4 20. Rh3 Qg5 21. Ne4 Qg4 22. Qf2 Nf5 23. Kh1 Rad8 24. Bc2 Bg7 25. Rf1 Nd6 26. Nd2 Qe6 27. Bb3 Qf6 28. Qe1 Qxb2 29. Nf3 Ne4 30. Nd4 Bxd4 31. exd4 Qxd4 32. Qh4 Nf2+ 33. Qxf2 Qxf2 34. Rxf2 e6 35. Rhf3 Kg7 36. h3 b5 37. Kh2 a5 38. a3 b4 39. a4 Rde8 40. Rd2 Rd8 41. Rdf2 Rde8 42. Rf4 f6 0-1

[Event "Titled Tuesday intern op 23rd Jan Early"]
[Site "Chess.com INT"]
[Date "2024.01.23"]
[Round "11"]
[White "Tristan, Leonardo"]
[Black "Vakhidov, Shahzod"]
[Result "1-0"]
[WhiteElo "2515"]
[BlackElo "2312"]
[PlyCount "103"]
[EventDate "2024.01.23"]
[EventType "swiss (blitz)"]
[EventRounds "11"]
[EventCountry "USA"]
[SourceTitle "EXT 2025"]
[Source "ChessBase"]
[SourceDate "2024.10.14"]
[SourceVersion "1"]
[SourceVersionDate "2024.10.14"]
[SourceQuality "1"]

1. d4 Nf6 2. Nf3 g6 3. Bf4 Bg7 4. e3 0-0 5. Be2 d6 6. 0-0 c5 7. c3 Qb6 8. Nbd2 Be6 9. e4 cxd4 10. Nxd4 Qxb2 11. Nxe6 fxe6 12. Rb1 Qxc3 13. Rxb7 Nc6 14. Qb1 Nd4 15. Bd3 Nh5 16. Be3 Nf4 17. Ba6 Be5 18. Kh1 Qa5 19. Bc4 d5 20. Bb3 Rab8 21. Rxb8 Rxb8 22. exd5 Nxb3 23. Nxb3 Qxd5 24. Bxf4 Bxf4 25. Rd1 Qh5 26. g3 Bd6 27. Re1 a5 28. Qe4 Rf8 29. Qxe6+ Kh8 30. Qe2 Qd5+ 31. Kg1 a4 32. Nc1 Bc5 33. Nd3 Bd6 34. Qb2+ Kg8 35. Qc2 Qd4 36. Re3 h5 37. Qe2 Rf7 38. Re4 Qa1+ 39. Kg2 Qf6 40. Re6 Qf5 41. Re4 Qd5 42. f3 Rf8 43. Rxa4 Rc8 44. Nf4 Bxf4 45. Rxf4 Qd6 46. Re4 Rc7 47. Re6 Qa3 48. Rxg6+ Kf8 49. Re6 Qa4 50. Kh3 Rc2 51. Qe4 Qa6 52. Rxa6 1-0

[Event "Titled Tuesday intern op 23rd Jan Early"]
[Site "Chess.com INT"]
[Date "2024.01.23"]
[Round "2"]
[White "Vakhidov, Shahzod"]
[Black "Vigoa Apecheche, Yanira"]
[Result "1-0"]
[WhiteElo "2312"]
[BlackElo "2232"]
[PlyCount "137"]
[EventDate "2024.01.23"]
[EventType "swiss (blitz)"]
[EventRounds "11"]
[EventCountry "USA"]
[SourceTitle "EXT 2025"]
[Source "ChessBase"]
[SourceDate "2024.10.14"]
[SourceVersion "1"]
[SourceVersionDate "2024.10.14"]
[SourceQuality "1"]

1. Nf3 c5 2. g3 Nc6 3. c4 g6 4. Bg2 Bg7 5. 0-0 Nf6 6. Nc3 0-0 7. d4 cxd4 8. Nxd4 d6 9. Nxc6 bxc6 10. Bxc6 Bh3 11. Bxa8 Qxa8 12. f3 Bxf1 13. Kxf1 Rc8 14. Be3 Rxc4 15. Qb3 Rc8 16. Rc1 h5 17. Nb5 Rxc1+ 18. Bxc1 a6 19. Nc3 h4 20. gxh4 Qc8 21. Kg2 Nh5 22. Bg5 e6 23. Ne4 d5 24. Ng3 Nf6 25. Qb6 Kh7 26. Qa7 Kg8 27. b4 Qc4 28. a4 Nh5 29. Qc5 Qa2 30. Qf2 Qxa4 31. Nxh5 gxh5 32. Qg3 Kh7 33. Qc7 Kg6 34. Be7 Qb5 35. Qg3+ Kh7 36. Kf1 Qc4 37. Qg5 f6 38. Qxh5+ Kg8 39. Qe8+ Kh7 40. Qh5+ Kg8 41. Qg6 Qc1+ 42. Kf2 Qh6 43. Qxh6 Bxh6 44. Bxf6 Kf7 45. Bd4 Bf8 46. Bc3 Kg6 47. Kg3 Bd6+ 48. Kg4 Bxh2 49. h5+ Kh7 50. f4 Bg1 51. Kg5 Be3 52. Be5 d4 53. Kf6 Bd2 54. Kxe6 Bxb4 55. Bxd4 Bd2 56. f5 Bh6 57. f6 a5 58. f7 Bf8 59. Kd7 Kh6 60. Ke8 Bb4 61. f8Q+ Bxf8 62. Kxf8 Kxh5 63. Ke7 Kg4 64. e4 Kf4 65. e5 a4 66. Ba1 a3 67. e6 Kf5 68. Kd7 a2 69. e7 1-0

[Event "Titled Tuesday intern op 05th Dec Early"]
[Site "Chess.com INT"]
[Date "2023.12.05"]
[Round "7"]
[White "Khodabandeh, Milad"]
[Black "Vakhidov, Shahzod"]
[Result "0-1"]
[WhiteElo "1918"]
[BlackElo "2312"]
[PlyCount "100"]
[EventDate "2023.12.05"]
[EventType "swiss (blitz)"]
[EventRounds "11"]
[EventCountry "USA"]
[SourceTitle "EXT 2025"]
[Source "ChessBase"]
[SourceDate "2024.10.14"]
[SourceVersion "1"]
[SourceVersionDate "2024.10.14"]
[SourceQuality "1"]

1. e4 c5 2. Nf3 g6 3. d4 cxd4 4. Qxd4 Nf6 5. e5 Nc6 6. Qa4 Nd5 7. Qe4 Nb6 8. Nc3 Bg7 9. Bf4 d5 10. exd6 Bf5 11. Qe2 0-0 12. 0-0-0 exd6 13. Rxd6 Qc8 14. Qb5 Re8 15. Bd3 Bxd3 16. Rxd3 Qg4 17. Qg5 Qc8 18. a3 a6 19. h4 h6 20. Qc5 Nd7 21. Qd6 Nf6 22. Re1 Rxe1+ 23. Nxe1 Nh5 24. Nf3 Qf5 25. Nd5 Bf8 26. Qc7 Rc8 27. Qxb7 Nxf4 28. Nxf4 Qxf4+ 29. Kb1 Qc7 30. Qxa6 Bg7 31. h5 Nb4 32. Qxc8+ Qxc8 33. axb4 g5 34. c3 Qg4 35. b5 Qf5 36. Kc2 Qxb5 37. b4 g4 38. Nd4 Qxh5 39. b5 Bxd4 40. Rxd4 Qxb5 41. Rxg4+ Kf8 42. f3 h5 43. Re4 Qg5 44. Re2 Qf5+ 45. Re4 h4 46. Kb3 h3 47. gxh3 Qxf3 48. Rh4 Qg3 49. Rh8+ Kg7 50. Rc8 Qxh3 0-1

[Event "Titled Tuesday intern op 05th Dec Early"]
[Site "Chess.com INT"]
[Date "2023.12.05"]
[Round "10"]
[White "Vakhidov, Shahzod"]
[Black "Marchesich, Giovanni"]
[Result "1-0"]
[WhiteElo "2312"]
[BlackElo "2223"]
[PlyCount "81"]
[EventDate "2023.12.05"]
[EventType "swiss (blitz)"]
[EventRounds "11"]
[EventCountry "USA"]
[SourceTitle "EXT 2025"]
[Source "ChessBase"]
[SourceDate "2024.10.14"]
[SourceVersion "1"]
[SourceVersionDate "2024.10.14"]
[SourceQuality "1"]

1. d4 Nf6 2. Nf3 c5 3. d5 b5 4. g3 Bb7 5. c4 bxc4 6. Nc3 g6 7. Bg2 Bg7 8. 0-0 d6 9. Nd2 Nbd7 10. Nxc4 0-0 11. a4 Rb8 12. Qc2 Nb6 13. Na5 Qc7 14. Nb5 Qd7 15. Nc6 Ra8 16. e4 a6 17. Nc3 Ng4 18. Bg5 Rfe8 19. a5 Nc4 20. Na4 Nce5 21. Nb6 Qc7 22. Nxa8 Bxa8 23. Nxe5 Nxe5 24. Bd2 Rb8 25. Bc3 e6 26. h3 Qb7 27. Rfd1 exd5 28. exd5 Nd7 29. Bxg7 Kxg7 30. Qc3+ Nf6 31. Bf1 Qxb2 32. Qxb2 Rxb2 33. Bxa6 Bxd5 34. Bf1 Rb8 35. a6 Rd8 36. Bg2 Bxg2 37. Kxg2 d5 38. Rdb1 Nd7 39. Rb7 c4 40. a7 Nc5 41. Rb8 1-0